000 00822nam a22002417a 4500
003 UA-OsUOA
001 45720
007 ta
008 20111101b un ||||| |||| 00| 0 ukr d
100 _aСанцевич В.
090 _a930.1
_bС18
942 _cBK
040 _aUA-OsUOA
_brus
_cUA-OsUOA
_dUA-OsUOA
245 _aРазвитие исторической науки в Академии наук Украинской ССР 1936-1986 гг.
300 _a206 с.
955 _a4
041 _arus
080 _a930.1
260 _aК.
_bНаукова думка
_c1986
650 7 _a930 Історична наука. Допоміжні історичні дисципліни
_2UDC
999 _c425822
_d425822